LEADER 00705nam a2200193 i 4500 001 000000171143 003 CaOOAMICUS 005 20080419000000.0 008 080419s1977 it u000 u ger u 013 $a148567 040 $aSeMil$bita 100 1 $aKafka, Franz,$d<1883-1924>.$0(OLS)http://semarc/name/8139 245 10$aAmerika :$broman /$cFranz Kafka. 260 $aFrankfurt am Main :$bFischer-Verlag,$c1977. 300 $a234 p. ;$c19 cm. 850 $aSeMil 852 $aSeMil$W1$xVenegono$y1$m1W I 164$j122018$B122018$CSeMilBibl$Z2$F133278 $81 996 $6245$aAmerika :$broman$9(OLS)http://semarc/title/244822 996 $6260$aFrankfurt am Main :$bFischer-Verlag$9(OLS)http://semarc/publisher/49002 LEADER 00977nam a2200241 i 4500 001 000000190650 003 CaOOAMICUS 005 20100625000000.0 008 100625s1975 be u000 u fre u 013 $a169081 040 $aSeMil$bita 100 1 $aGenicot, Léopold,$d<1914-1995>.$0(OLS)http://semarc/name/85 245 14$aLes généalogies. A-1. 5 /$cPar L. Genicot. 260 $aTurnhout :$bBrepols,$c1975. 300 $a44 + 12 p. ;$c24 cm. 490 0 $aTypologie des sources du Moyen Age occidental ;$vFasc.15 500 $aIn coda al vol. : Mise à jour du fascicule n. 15. 830 0$aTypologie des sources du Moyen Age occidental ;$vFasc.15.$0(OLS)http://semarc/title/122 850 $aSeMil 852 $aSeMil$W1$xVenegono$y1$m2U II 115$j141267$B141267$CSeMilBibl$Z2$F152852 $81 961 $aOmaggio: Altro 996 $6245$aLes généalogies. A-1. 5$9(OLS)http://semarc/title/274681 996 $6260$aTurnhout :$bBrepols$9(OLS)http://semarc/publisher/29626